Museo Marítimo : (Reales Atarazanas) (Reales Atarazanas)
Descripción Física:
8 p., [4] làm. ; 22 cm
Materias:
Museu Marítim (Barcelona)
MARC
| LEADER | 00000nam a2200000Ia 4500 | ||
|---|---|---|---|
| 001 | 8218 | ||
| 008 | 160829s9999 xx 000 0 cat d | ||
| 080 | |a FU-8-30 | ||
| 100 | |a Museu Marítim (Barcelona) | ||
| 245 | |a Museo Marítimo : |b (Reales Atarazanas) | ||
| 260 | |a Barcelona : |b (Imp. Casa Caritat), dl 1959 | ||
| 300 | |a 8 p., [4] làm. ; |c 22 cm | ||
| 650 | |a Museu Marítim (Barcelona) | ||
| 901 | |a Arxiu | ||
| 942 | |n 1 | ||
| 952 | |0 0 |1 0 |4 0 |6 FU830 |7 1 |9 43496 |a Arxiu |b Arxiu |d 2016-12-01 |l 0 |o FU-8-30 |p 8218 |r 2016-12-01 00:00:00 |w 2016-12-01 |y ARXIU | ||
| 999 | |c 46042 |d 46042 | ||